| LDR | | 00000nam c2200205 c 4500 |
| 001 | | 000000324491 |
| 005 | | 20240523142054 |
| 007 | | ta |
| 008 | | 231023s2023 ulka r 000a kor |
| 020 | |
▼a 9791163611752
▼g 13320 :
▼c \19000 |
| 040 | |
▼a 248032
▼c 248032
▼d 248032 |
| 049 | 0 |
▼l EM108842 |
| 056 | |
▼a 512.8077
▼2 4 |
| 090 | |
▼a 512.8077
▼b 주54가5 |
| 245 | 10 |
▼a (오직 간호대생을 위한)간호사 전공필기 /
▼d 주선희,
▼e 간호취업연구소 지음 |
| 250 | |
▼a 개정5판(2023 개정판) |
| 260 | |
▼a 서울 :
▼b 홍지문,
▼c 2023 |
| 300 | |
▼a 249 p. :
▼b 삽화 ;
▼c 26 cm |
| 500 | |
▼a 겉표지 : 전국 상급종합병원 간호전공을 한 권에! |
| 525 | |
▼a 권말부록 수록 |
| 653 | |
▼a 간호사
▼a 간호학
▼a 간호대생 |
| 700 | 1 |
▼a 주선희,
▼e 저 |
| 710 | |
▼a 간호취업연구소,
▼e 공저 |
| 940 | 0 |
▼a 이천이십삼 개정판 오직 간호대생을 위한 간호사 전공필기 |
| 950 | 0 |
▼b \19000 |
| 990 | |
▼a 관리자2
▼b 관리자2 |